O Engenhoso Fidalgo D. Quichote de la Mancha (Record no. 3182)

MARC details
000 -CABECERA
campo de control de longitud fija 02104nam a2200337 a 4500
001 - NÚMERO DE CONTROL
campo de control BRCA_3446
005 - FECHA Y HORA DE LA ÚLTIMA TRANSACCIÓN
campo de control 20190320204303.0
041 ## - CÓDIGO DE LENGUA
Código de lengua del texto/banda sonora o título independiente por
044 ## - CÓDIGO DEL PAÍS DE LA ENTIDAD EDITORA/PRODUCTORA
Código MARC del país po
084 ## - OTRO NÚMERO DE CLASIFICACIÓN
Número de clasificación 735
Número de documento/Ítem .S55
-- 1877
100 1# - ENTRADA PRINCIPAL--NOMBRE DE PERSONA
Nombre de persona Cervantes Saavedra, Miguel de
Fechas asociadas al nombre 1547-1616
9 (RLIN) 213
245 10 - MENCIÓN DE TÍTULO
Título O Engenhoso Fidalgo D. Quichote de la Mancha
Mención de responsabilidad, etc. por Miguel de Cervantes Saavedra ; TraducÇáo do Visconde de Benalcanfor.
260 ## - PUBLICACIÓN, DISTRIBUCIÓN, ETC.
Lugar de publicación, distribución, etc. Lisboa
Nombre del editor, distribuidor, etc. Francisco Arthur da Silva
Fecha de publicación, distribución, etc. 1877-78
300 ## - DESCRIPCIÓN FÍSICA
Extensión 2 v.
Otras características físicas il.
Dimensiones 23 cm.
500 ## - NOTA GENERAL
Nota general Contenido : v.1. Primera parte. Retrato de Cervantes. Escudo de la edición príncipe. Dedicatoria del autor. Advertencia del editor. Versos preliminares. Vida de Cervantes por Aribau, traducida al portugués. Prólogo del autor. 1877. -- v.2. Segunda parte. Dedicatoria y prólogo del autor. Notas finales sobre Avellaneda y libros de caballería. 1878
500 ## - NOTA GENERAL
Nota general Edición : Ornada con 31 gravuras auxiliado para mais facil interpretaÇáo, comprohendendo a intercalada no texto por Luis Breton y Vedra. Desenhos de Manuel de Macedo gravuras de José Severini
500 ## - NOTA GENERAL
Nota general Buena traducción de Benalcanfor y Breton y Vedra. Conserva el escudo de la edición príncipe con el mote: Post tenebras spero lucem, que los traductores atribuyen a Cervantes. Va precedida de una Vida de Cervantes, traducida de la que escribió Aribau, y proveída de notas. Los dibujos son obra de Macedo. La impresión es muy buena. Semipiel; lomeras adornadas con dorados Lúdovik Osterc
500 ## - NOTA GENERAL
Nota general Incluye índice : De ilustraciones
500 ## - NOTA GENERAL
Nota general QM576
546 ## - NOTA DE LENGUA/LENGUAJE
Nota de lengua/lenguaje Texto en : portugués
650 14 - PUNTO DE ACCESO ADICIONAL DE MATERIA--TÉRMINO DE MATERIA
Término de materia o nombre geográfico como elemento de entrada Novela española
Subdivisión cronológica Época clásica, 1500-1700
9 (RLIN) 215
650 14 - PUNTO DE ACCESO ADICIONAL DE MATERIA--TÉRMINO DE MATERIA
Término de materia o nombre geográfico como elemento de entrada Literatura española
Subdivisión cronológica Época clásica, 1500-1700
9 (RLIN) 216
650 14 - PUNTO DE ACCESO ADICIONAL DE MATERIA--TÉRMINO DE MATERIA
Término de materia o nombre geográfico como elemento de entrada Novela española
Subdivisión cronológica Siglo XVII
9 (RLIN) 217
650 14 - PUNTO DE ACCESO ADICIONAL DE MATERIA--TÉRMINO DE MATERIA
Término de materia o nombre geográfico como elemento de entrada Don Quijote (Personaje ficticio)
Término indicativo de función/relación Novela
9 (RLIN) 218
700 1# - PUNTO DE ACCESO ADICIONAL--NOMBRE DE PERSONA
Nombre de persona Breton y Vedra, Luis
Fechas asociadas al nombre 1833-?
Término indicativo de función/relación Editor
9 (RLIN) 9015
700 1# - PUNTO DE ACCESO ADICIONAL--NOMBRE DE PERSONA
Nombre de persona Macedo, Manuel de
Fechas asociadas al nombre 1839-1915
Término indicativo de función/relación Ilustrador
9 (RLIN) 9016
700 1# - PUNTO DE ACCESO ADICIONAL--NOMBRE DE PERSONA
Nombre de persona Severini, José
Fechas asociadas al nombre 1852-1882
Término indicativo de función/relación Grabador
9 (RLIN) 9017
740 0# - PUNTO DE ACCESO ADICIONAL--TÍTULO RELACIONADO O ANALÍTICO NO CONTROLADO
Título relacionado o analítico no controlado El Ingenioso Hidalgo Don Quijote de la Mancha
902 ## - CATALOGADOR
Iniciales QFM
942 ## - ELEMENTOS DE PUNTO DE ACCESO ADICIONAL (KOHA)
Fuente del sistema de clasificación o colocación Library of Congress Classification
Tipo de ítem Koha Libros
Holdings
Estado de retiro Estado de pérdida Estado dañado No para préstamo Localización permanente Ubicación/localización actual Fecha de adquisición Número de inventario Total de préstamos Signatura topográfica completa Código de barras Fecha visto por última vez Precio válido a partir de Tipo de ítem Koha
El ejemplar forma parte de la colección y puede ser consultado según las políticas vigentes.       Biblioteca del Museo Franz Mayer (Rogerio Casas-Alatriste) Biblioteca del Museo Franz Mayer (Rogerio Casas-Alatriste) 14/04/2009 QM576   735 .S55 1877 (QM576) 3443 22/03/2019 22/03/2019 Libros